| 000 | 00542nam a22001817a 4500 | ||
|---|---|---|---|
| 005 | 20250507155954.0 | ||
| 008 | 250507b |||||||| |||| 00| 0 eng d | ||
| 020 | _a0521242819 | ||
| 037 | _cTextual | ||
| 040 |
_aRTL _cRTL |
||
| 084 |
_aU18:M95(D:28), M4/NTI _qRTL |
||
| 100 | _aHoughton, J. T. | ||
| 245 | _aRemote sounding of atmospheres | ||
| 260 |
_aLondon _bCambridge _c1984 |
||
| 300 |
_a303p. _bIncludes References |
||
| 700 |
_aTaylor, F. W. _eRodgers, C. D. _971801 |
||
| 942 |
_2CC _cTB _hU18:M95(D:28), M4/NTI _n0 |
||
| 999 |
_c1320360 _d1320360 |
||